| 000 | 00783nmc a2200265 a 4500 | ||
|---|---|---|---|
| 003 | AR-BaBNM | ||
| 005 | 20251128203637.0 | ||
| 008 | 197019s1975 ||||||||||||||000 | spa|| | ||
| 040 | _cAR-BaBNM | ||
| 100 | 1 | _aBergevin, Paul | |
| 245 | 1 | 0 | _aFilosofía para la educación del adulto |
| 260 |
_aMéxico, D.F. _bEditores Asociados _c1975 |
||
| 490 | 0 | _aActualidad político social | |
| 500 | 0 | _aLecturas recomendadas p. 154-155 | |
| 650 | 4 | _aEDUCACION DE ADULTOS | |
| 650 | 4 | _aFILOSOFIA DE LA EDUCACION | |
| 650 | 4 | _aPROGRAMAS DE EDUCACION DE ADULTOS | |
| 650 | 4 | _aCARACTERISTICAS DEL ADULTO | |
| 650 | 4 | _aRECURSOS EDUCACIONALES | |
| 650 | 4 | _aDESARROLLO SOCIAL | |
| 653 | 0 | _aPROBLEMAS EDUCATIVOS | |
| 700 | 1 |
_aAngulo, Pilar _etraductor |
|
| 942 | _cBK | ||
| 998 | _cCarmen | ||
| 999 |
_c4299 _d4299 |
||